[Event "80 x 19"]
[Site "http://www.queenalice.com/game.php?id=1383312"]
[Date "2015.9.15"]
[Round "-"]
[White "PedroBritto"]
[Black "Be"]
[Result "0-1"]
[WhiteElo "1692"]
[BlackElo "1903"]

1. e4 e5 2. Nf3 d6 3. d4 exd4 4. Nxd4 c5 5. Nf3 Bg4 6. Bb5+ Nd7 7. Bc4 b5 8.
Bxb5 Qa5+ 9. Nc3 Nf6 10. Qd3 a6 11. Bc4 h6 12. O-O Be7 13. Nd5 Bxf3 14. Nxf6+
Bxf6 15. Qxf3 Ne5 16. Qd3 Nxd3 0-1

[Event "81 x 19"]
[Site "http://www.queenalice.com/game.php?id=1387993"]
[Date "2015.10.7"]
[Round "-"]
[White "Be"]
[Black "PedroBritto"]
[Result "1-0"]
[WhiteElo "1911"]
[BlackElo "1684"]

1. e4 e5 2. c4 Nf6 3. Bd3 Nc6 4. Nf3 Nb4 5. Be2 Bc5 6. Nxe5 O-O 7. d3 d6 8. Nf3
Ng4 9. d4 Bb6 10. a3 Nc6 11. h3 Nf6 12. O-O Nxe4 13. b4 Qf6 14. Bb2 a5 15. b5
Ne7 16. Ra2 Qg6 17. Bc1 Bxh3 18. Nh4 Qe6 19. gxh3 Qxh3 20. Ng2 Nf5 21. Bg4 Qc3
22. Nxc3 Nxc3 23. Qc2 Nxa2 24. Bxf5 Nxc1 25. Rxc1 g6 26. Be4 Bxd4 27. Qd2 Bc5
28. Qh6 Bxa3 29. Rc3 f5 30. Bd5+ Kh8 31. Rh3 Rf7 32. Bxf7 Rg8 33. Qxh7# 1-0

[Event "82 x 19"]
[Site "http://www.queenalice.com/game.php?id=1390220"]
[Date "2015.10.22"]
[Round "-"]
[White "PedroBritto"]
[Black "Be"]
[Result "0-1"]
[WhiteElo "1679"]
[BlackElo "1918"]

1. d4 h5 2. e4 d5 3. e5 a6 4. Nc3 e6 5. Nf3 Nc6 6. a3 Qe7 7. Bd3 f5 8. Bg5 Qf7
9. Nh4 Nxd4 10. Qd2 Nc6 11. Na4 Bd7 12. Qc3 d4 13. Qb3 Na5 14. Nb6 Nxb3 15. cxb3
cxb6 16. Rc1 Bc6 17. f3 Be7 18. f4 b5 19. b4 Bxg5 20. fxg5 Qc7 21. Ng6 Rh7 22.
Nf4 Qxe5+ 23. Ne2 Bxg2 24. Rg1 Bf3 25. Rc5 Qe3 26. Rg3 Qxd3 27. Re5 Qb1+ 28. Kf2
Bd5 29. Nf4 Qxb2+ 30. Re2 Qc1 31. Nxd5 h4 32. Rg2 O-O-O 33. Nf4 Qxf4+ 34. Ke1 h3
35. Rc2+ Kb8 36. Rg3 d3 37. Rf2 Qc1# 0-1

[Event "83 x 19"]
[Site "http://www.queenalice.com/game.php?id=1395003"]
[Date "2015.11.19"]
[Round "-"]
[White "Be"]
[Black "PedroBritto"]
[Result "1-0"]
[WhiteElo "1924"]
[BlackElo "1673"]

1. e4 e5 2. c3 Nf6 3. d3 d6 4. b4 b5 5. a4 c6 6. a5 Be7 7. Qf3 Bg4 8. Qg3 Qc8 9.
h3 Nh5 10. Qxg4 Qxg4 11. hxg4 Nf4 12. a6 Nd7 13. Bxf4 exf4 14. Nh3 d5 15. exd5
cxd5 16. Nxf4 Nb6 17. Na3 O-O 18. Nxb5 Rfe8 19. Nc7 Bg5+ 20. Ne2 Rxe2+ 21. Bxe2
Rc8 22. Nb5 Nd7 23. Nxa7 Rxc3 24. Nc6 Rxc6 25. a7 Nb6 26. a8=Q+ Rc8 27. Qxc8+
Nxc8 28. Ra8 g6 29. Rxc8+ Kg7 30. Rc7 Kf8 31. Rxh7 Be7 32. Rc8+ Bd8 33. Rxd8+
Ke7 34. Rxd5 Ke6 35. Ra5 1-0

[Event "84 x 19"]
[Site "http://www.queenalice.com/game.php?id=1400070"]
[Date "2015.12.23"]
[Round "-"]
[White "PedroBritto"]
[Black "Be"]
[Result "1-0"]
[WhiteElo "1667"]
[BlackElo "1944"]

1. e4 d5 2. exd5 Qxd5 3. Nc3 Qe5+ 4. Qe2 Qf5 5. Nf3 Qxc2 6. Nd5 Qf5 7. Nxc7+ Kd8
8. Nxa8 Na6 9. Qc4 Be6 10. Qd4+ Kc8 11. Bxa6 bxa6 12. Qxa7 Qe4+ 13. Kf1 Qb7 14.
Nb6+ Kc7 15. Qxb7+ Kxb7 16. Na4 Bc4+ 17. Ke1 f6 18. b3 Bd5 19. Ba3 g5 20. Rc1
Bh6 21. Nd4 e5 22. Nc5+ Ka7 23. Ne2 Bxg2 24. Rg1 Bh3 25. Rg3 Bf5 26. Rgc3 Ne7
27. Na4 Nd5 28. Rc5 Rd8 29. Ra5 g4 30. Rc6 Nb6 31. Bb4 Nxa4 32. Rxf6 Nb2 33.
Rfxa6+ Kb7 34. Ra7+ Kc6 35. R7a6+ Kd7 36. Rd5+ Kc8 37. Ra8+ Kb7 38. Raxd8 Bg5
39. Rb5+ Kc7 40. Ba5+ Kc6 41. Rb6+ Kc5 42. d4+ exd4 43. b4+ Kc4 44. Rxd4# 1-0

[Event "Challenge"]
[Site "http://www.queenalice.com/game.php?id=1400437"]
[Date "2015.12.25"]
[Round "-"]
[White "Be"]
[Black "Bategoll"]
[Result "1-0"]
[WhiteElo "1930"]
[BlackElo "1881"]

1. e4 e5 2. Qh5 Nf6 3. Qxe5+ Be7 4. d4 d6 5. Qg3 Nxe4 6. Qxg7 Bf6 7. Qh6 Bxd4 8.
Nf3 Bxf2+ 9. Ke2 Bb6 10. Qg7 Qf6 11. Qxf6 Nxf6 12. Bh6 Rg8 13. Nc3 Be6 14. Re1
Nc6 15. Bg5 Rg6 16. h4 h5 17. Kd1 O-O-O 18. Bd3 Rxg5 19. hxg5 Ng4 20. Rxh5 Nf2+
21. Kd2 Nxd3 22. cxd3 d5 23. a3 d4 24. Na4 Ba5+ 25. b4 Nxb4 26. axb4 Bxb4+ 27.
Ke2 Bxe1 28. Kxe1 Re8 29. Kf2 Bf5 30. Nc5 Bg6 31. Rh4 b6 32. Ne4 Re6 33. Nxd4
Re5 34. Nc6 Rf5+ 35. Ke2 Kb7 36. Ne7 Ra5 37. Nxg6 fxg6 38. Rh6 Ra2+ 39. Kf3 a5
40. Rxg6 a4 41. Rh6 Ra1 42. Nc3 a3 43. g6 b5 44. g7 b4 45. g8=Q bxc3 46. Qb3+
1-0

[Event "84 x 20"]
[Site "http://www.queenalice.com/game.php?id=1408677"]
[Date "2016.2.10"]
[Round "-"]
[White "Be"]
[Black "PedroBritto"]
[Result "1-0"]
[WhiteElo "1917"]
[BlackElo "1694"]

1. e3 d5 2. d4 Nf6 3. h3 e6 4. g4 Ne4 5. Nf3 a6 6. h4 e5 7. Nxe5 Qf6 8. Nd3 Nc6
9. Nf4 Bd6 10. g5 Qe7 11. Nxd5 Qd8 12. Qf3 Bb4+ 13. Nxb4 Qe7 14. Nd5 Qe6 15.
Nxc7+ 1-0

[Event "85 x 20"]
[Site "http://www.queenalice.com/game.php?id=1411171"]
[Date "2016.2.25"]
[Round "-"]
[White "PedroBritto"]
[Black "Be"]
[Result "0-1"]
[WhiteElo "1705"]
[BlackElo "1924"]

1. e4 h5 2. d4 d5 3. e5 a6 4. Be2 g6 5. Nf3 h4 6. Ng5 Bf5 7. Nc3 Nc6 8. Na4 Nb4
9. Bd2 Nxc2+ 10. Kf1 Nxa1 11. Qxa1 f6 12. exf6 exf6 13. Nf3 h3 14. g3 Qd7 15. b3
O-O-O 16. Qc3 Qe6 17. Nc5 Bxc5 18. Qxc5 Re8 19. Be3 Be4 20. Bf4 Re7 21. Be3 Qf5
22. Rg1 Bxf3 23. g4 Bxe2+ 24. Kxe2 Qe4 25. g5 Rh4 26. gxf6 Nxf6 27. Qa7 Rf4 28.
Qa8+ Kd7 29. Qh8 Rxf2+ 30. Kxf2 Qxe3+ 31. Kf1 Qe2# 0-1

[Event "Challenge"]
[Site "http://www.queenalice.com/game.php?id=1413344"]
[Date "2016.3.13"]
[Round "-"]
[White "jorm"]
[Black "Be"]
[Result "0-1"]
[WhiteElo "1877"]
[BlackElo "1931"]

1. e4 d5 2. exd5 Qxd5 3. d4 Qe4+ 4. Be3 Bg4 5. Ne2 Bxe2 6. Qxe2 Nd7 7. Nc3 Qc6
8. a3 O-O-O 9. Nb5 Kb8 10. Nxa7 Qb6 11. Nb5 Qf6 12. O-O-O Nb6 13. Qd3 c6 14. Nc3
g5 15. Ne4 Qe6 16. Kb1 h6 17. Nc5 Qc8 18. a4 e5 19. b4 Bxc5 20. bxc5 Nxa4 21.
Qa3 b5 22. Qb4 f5 23. c3 f4 24. Bc1 Ne7 25. Bd3 Nd5 26. Qb3 Ndxc3+ 27. Kc2 Rxd4
28. Bb2 Nxc5 29. Qa3 b4 30. Qa5 Nxd3 31. Qb6+ Qb7 32. Qxb7+ Kxb7 33. Rxd3 Re4
34. Kb3 c5 35. Rd2 Ne2 36. Kc2 c4 37. Rd7+ Kc6 38. Rhd1 b3+ 39. Kb1 Nd4 40. Bxd4
exd4 41. R7xd4 Rxd4 42. Rxd4 Kc5 43. Re4 c3 44. Re7 Rd8 45. Rc7+ Kb4 46. Rb7+
Kc4 47. Rc7+ Kb4 0-1

[Event "Let's Play Chess!"]
[Site "http://www.queenalice.com/game.php?id=1427913"]
[Date "2016.6.17"]
[Round "-"]
[White "Be"]
[Black "paolop69"]
[Result "1-0"]
[WhiteElo "1945"]
[BlackElo "1876"]

1. e4 e5 2. Qh5 Nc6 3. Nf3 g6 4. Qg4 Nf6 5. Qh4 Nh5 6. Qxd8+ Kxd8 7. Ng5 Ke8 8.
Bc4 Nd8 9. Nc3 h6 10. Nd5 Bd6 11. Nf3 c6 12. Ne3 Nf6 13. O-O Nxe4 14. Ng4 f5 15.
Ngxe5 Bxe5 16. Nxe5 Nd6 17. Nxg6 Rh7 18. Be2 h5 19. d3 Ne6 20. c3 Ng7 21. Bf4
Nf7 22. Bd1 Kd8 23. Re1 Ne6 24. Bg3 Nc5 25. d4 Nd3 26. Re3 Nxb2 27. Bb3 Rg7 28.
Rae1 Nd6 29. Bxd6 Rg8 30. Bxg8 Nc4 31. Re8# 1-0

[Event "Let's Play Chess!"]
[Site "http://www.queenalice.com/game.php?id=1431290"]
[Date "2016.7.11"]
[Round "-"]
[White "Be"]
[Black "igorjava"]
[Result "1-0"]
[WhiteElo "1958"]
[BlackElo "1921"]

1. e4 c5 2. Qh5 e6 3. Na3 Nf6 4. Qf3 Nc6 5. Ne2 e5 6. c3 d6 7. h3 a6 8. Ng3 b5
9. Be2 Be7 10. Nc2 Bb7 11. d3 O-O 12. Nf5 Bc8 13. Bh6 Bxf5 14. exf5 gxh6 15.
Qxc6 Qc8 16. Qxc8 Rfxc8 17. Bf3 Ra7 18. a4 bxa4 19. Rxa4 d5 20. O-O d4 21. c4
Rb8 22. Ra2 Rb3 23. Rd1 Nd7 24. Na3 Bg5 25. Nb5 axb5 26. Rxa7 Nb6 27. Bh5 f6 28.
Rda1 bxc4 29. Rb7 Nd5 30. Ra8# 1-0

[Event "Let's Play Chess!"]
[Site "http://www.queenalice.com/game.php?id=1439378"]
[Date "2016.9.3"]
[Round "-"]
[White "chessplayer123"]
[Black "Be"]
[Result "0-1"]
[WhiteElo "1817"]
[BlackElo "1973"]

1. e4 d5 2. exd5 Qxd5 3. Nc3 Qe6+ 4. Qe2 Qxe2+ 5. Bxe2 c6 6. Nf3 Bf5 7. d3 Na6
8. Be3 e6 9. Nd4 Be7 10. O-O-O Nf6 11. Nxf5 exf5 12. f4 O-O 13. h3 Bb4 14. Bd2
b5 15. Bf3 Nb8 16. g4 a5 17. g5 Bxc3 18. Bxc3 Nd5 19. Bxd5 cxd5 20. Be5 Nd7 21.
Bd4 b4 22. h4 a4 23. Rde1 Nb8 24. Re7 Nc6 25. Rd7 Nxd4 26. Rxd5 Ne2+ 27. Kb1
Rfe8 28. Rxf5 Ng3 0-1

[Event "Challenge"]
[Site "http://www.queenalice.com/game.php?id=1444080"]
[Date "2016.10.4"]
[Round "-"]
[White "Be"]
[Black "Bategoll"]
[Result "1-0"]
[WhiteElo "1983"]
[BlackElo "1767"]

1. e4 Nf6 2. e5 Nd5 3. c4 Nb6 4. c5 Nd5 5. Bc4 c6 6. d4 e6 7. a3 b5 8. Bxd5 exd5
9. b4 a5 10. bxa5 Qxa5+ 11. Bd2 Qc7 12. Nh3 Be7 13. Qg4 Bf8 14. O-O Na6 15. Re1
Qb7 16. Ba5 d6 17. exd6+ Be6 18. Ng5 Kd7 19. Rxe6 fxe6 20. Qxe6# 1-0

[Event "Let's Play Chess!"]
[Site "http://www.queenalice.com/game.php?id=1448832"]
[Date "2016.11.8"]
[Round "-"]
[White "Be"]
[Black "chessplayer123"]
[Result "1-0"]
[WhiteElo "1990"]
[BlackElo "1708"]

1. e4 e5 2. Qh5 Nf6 3. Qxe5+ Be7 4. Be2 O-O 5. Bf3 c6 6. d4 Re8 7. Qg3 Bb4+ 8.
c3 Nxe4 9. Bxe4 Rxe4+ 10. Be3 Ba5 11. Nd2 Re6 12. O-O-O Bc7 13. Qf3 Rg6 14. Qh5
d5 15. h3 Nd7 16. Re1 Nf6 17. Bg5 Be6 18. Qh4 h6 19. Be3 Rxg2 20. Bxh6 gxh6 21.
Ngf3 Bf4 22. Qxf4 Kh7 23. Reg1 Rxf2 24. Qg3 1-0

[Event "AUTO-ADV-3743"]
[Site "http://www.queenalice.com/game.php?id=1453033"]
[Date "2016.12.2"]
[Round "1"]
[White "NickThorp"]
[Black "Be"]
[Result "0-1"]
[WhiteElo "1659"]
[BlackElo "2042"]

1. e4 d5 2. Nc3 d4 3. Nd5 e6 4. Nf4 g5 5. Nd3 Nc6 6. Nf3 f6 7. h3 h5 8. h4 g4 9.
Nh2 e5 10. c3 dxc3 11. bxc3 Be6 12. g3 Bc4 13. Rb1 Bxd3 14. Bxd3 Qxd3 15. Rxb7
Qxe4+ 16. Qe2 Qxh1+ 17. Nf1 Nd4 18. Qc4 Qxb7 19. cxd4 Rh7 20. Qxg8 Re7 21. Qg6+
Kd8 22. dxe5 Rxe5+ 23. Ne3 Be7 24. Ke2 Kd7 25. Qd3+ Bd6 26. Kf1 Qh1+ 27. Ke2
Qxc1 28. Qh7+ Ke6 29. d4 Rb8 30. d5+ Rxd5 31. Nxd5 Rb2+ 32. Kd3 Rd2+ 33. Ke4
Qc4+ 34. Ke3 Qd4# 0-1

[Event "AUTO-ADV-3743"]
[Site "http://www.queenalice.com/game.php?id=1453034"]
[Date "2016.12.2"]
[Round "1"]
[White "Be"]
[Black "NickThorp"]
[Result "1-0"]
[WhiteElo "2044"]
[BlackElo "1690"]

1. e4 e5 2. Qh5 Nf6 3. Qxe5+ Be7 4. f3 d6 5. Qc3 Nc6 6. Bb5 a6 7. Bxc6+ bxc6 8.
Qxc6+ Bd7 9. Qc3 O-O 10. d4 d5 11. e5 Nh5 12. g4 Bg5 13. Ne2 Bxc1 14. gxh5 Bh6
15. Nd2 Bxd2+ 16. Qxd2 Qh4+ 17. Ng3 c6 18. O-O-O Rab8 19. f4 h6 20. Rdf1 Bh3 21.
Rf2 Rfe8 22. Qa5 Be6 23. Rd1 Bg4 24. Re1 Bxh5 25. a3 Bg6 26. Qxa6 Rec8 27. Qe2
Rb6 28. c3 Rb3 29. f5 Bh7 30. e6 f6 31. e7 Qg5+ 32. Kd1 Re8 33. Nh5 Bxf5 34.
Nxg7 Qxg7 35. Rxf5 Rb7 36. Qe6+ Qf7 37. Rg1+ Kh8 38. Qxf7 Rbxe7 39. Qxf6+ Kh7
40. Qg6+ Kh8 41. Qxh6+ Rh7 42. Rf8+ Rxf8 43. Qxf8# 1-0

[Event "AUTO-ADV-3743"]
[Site "http://www.queenalice.com/game.php?id=1453049"]
[Date "2016.12.2"]
[Round "1"]
[White "Be"]
[Black "chessplayer123"]
[Result "1-0"]
[WhiteElo "2014"]
[BlackElo "1883"]

1. d4 d5 2. e3 e6 3. Qf3 Nf6 4. Bd3 Nc6 5. Bb5 Bd7 6. Bxc6 Bxc6 7. a4 Bd6 8. Ne2
a6 9. O-O O-O 10. Nd2 e5 11. Nc3 e4 12. Qe2 Qd7 13. h3 Qf5 14. g4 Qg5 15. f4 Qh4
16. Qg2 Kh8 17. Ne2 Nd7 18. g5 f5 19. Ng3 Nb6 20. Rf3 Be7 21. b3 Bxg5 22. fxg5
Qxg5 23. Rf4 Nd7 24. h4 Qg6 25. h5 Qe6 26. Ba3 Rf7 27. Kf2 h6 28. Qh3 b5 29.
Rxf5 Nf6 30. a5 Raf8 31. Bxf8 1-0

[Event "AUTO-ADV-3743"]
[Site "http://www.queenalice.com/game.php?id=1453050"]
[Date "2016.12.2"]
[Round "1"]
[White "chessplayer123"]
[Black "Be"]
[Result "1/2-1/2"]
[WhiteElo "1757"]
[BlackElo "2046"]

1. e4 d5 2. exd5 Qxd5 3. Nc3 Qe5+ 4. Qe2 Qc5 5. Nf3 f6 6. d4 Qa5 7. Qb5+ Qxb5 8.
Nxb5 Na6 9. Bd3 Bd7 10. a4 O-O-O 11. Nxa7+ Kb8 12. Nb5 c6 13. Na3 Bg4 14. Bxa6
bxa6 15. c3 e5 16. dxe5 fxe5 17. Bg5 Re8 18. Nc4 h6 19. Be3 Bxf3 20. gxf3 e4 21.
f4 Nf6 22. Ne5 Kb7 23. a5 Nd5 24. c4 Bb4+ 25. Ke2 Nxe3 26. fxe3 Rd8 27. Rhd1
Rxd1 28. Rxd1 Bxa5 29. Rd7+ Kb6 30. Rxg7 Kc5 31. Rg6 Rc8 32. Rxh6 Bd8 33. Rh8
Rb8 34. Nd7+ Kxc4 35. Nxb8 Bf6 36. Nxa6 Bxh8 37. b4 Kd5 38. Nb8 Bf6 39. h3 Be7
40. Na6 Bd6 41. h4 Ke6 42. Kf2 1/2-1/2

[Event "AUTO-ADV-3743"]
[Site "http://www.queenalice.com/game.php?id=1453051"]
[Date "2016.12.2"]
[Round "1"]
[White "Be"]
[Black "RDario"]
[Result "1-0"]
[WhiteElo "2025"]
[BlackElo "2038"]

1. d4 d6 2. d5 Bf5 3. f3 Nd7 4. g4 Bg6 5. h4 h6 6. h5 Bh7 7. e4 c6 8. Qd4 Qb6 9.
Qd3 cxd5 10. Qxd5 Ngf6 11. Qc4 Ne5 12. Qa4+ Nfd7 13. Na3 Nc6 14. Nc4 Qb4+ 15.
Qxb4 Nxb4 16. Na3 e5 17. Bd2 d5 18. c3 Na6 19. O-O-O Bxa3 20. Bxa6 Bc5 21. Bxb7
O-O 22. Bxa8 Rxa8 23. Be1 Be3+ 24. Kb1 Nc5 25. Rxd5 g6 26. hxg6 Bxg6 27. Ne2
Nxe4 28. Ka1 Bg5 29. Rxe5 Nd6 30. Bf2 Kg7 31. Bc5 Nb7 32. Bd4 Kh7 33. Rxg5 Kg8
34. Rxh6 Re8 35. Rh8# 1-0

[Event "AUTO-ADV-3743"]
[Site "http://www.queenalice.com/game.php?id=1453052"]
[Date "2016.12.2"]
[Round "1"]
[White "RDario"]
[Black "Be"]
[Result "0-1"]
[WhiteElo "2067"]
[BlackElo "1995"]

1. d4 d5 2. Nf3 f6 3. Bf4 g5 4. Bg3 h5 5. Nbd2 h4 6. Nxg5 hxg3 7. Ngf3 gxf2+ 8.
Kxf2 Rh5 9. h3 e5 10. e4 exd4 11. Nxd4 Re5 12. Kg1 dxe4 13. c3 Bc5 14. Nb3 Bb6
15. Kh2 Qd6 16. g3 Rg5 17. Rg1 f5 18. Bb5+ c6 19. Bc4 f4 20. Bxg8 fxg3+ 21. Rxg3
Qxg3+ 22. Kh1 Qxh3# 0-1

[Event "Let's Play Chess!"]
[Site "http://www.queenalice.com/game.php?id=1462364"]
[Date "2017.2.3"]
[Round "-"]
[White "Be"]
[Black "igorjava"]
[Result "1-0"]
[WhiteElo "2034"]
[BlackElo "1949"]

1. e4 c5 2. e5 Nc6 3. f4 d6 4. Bb5 a6 5. Bxc6+ bxc6 6. Qf3 Qc7 7. Ne2 d5 8. d3
Nh6 9. h3 e6 10. g4 Be7 11. h4 Qd8 12. Qg3 c4 13. d4 c5 14. f5 Ng8 15. f6 gxf6
16. exf6 Nxf6 17. g5 Ne4 18. Qf3 f5 19. Qh5+ Kd7 20. Bf4 Kc6 21. Be5 Rg8 22.
Qxh7 Bd7 23. Nbc3 Nxc3 24. bxc3 Rf8 25. Rb1 Ra7 26. Rb8 Qa5 27. Qxe7 Rxb8 28.
Qd6+ Kb7 29. Qxb8+ Kc6 30. Qxa7 Qb6 31. Qxb6+ 1-0

[Event "AUTO-ADV-3743"]
[Site "http://www.queenalice.com/game.php?id=1467270"]
[Date "2017.3.3"]
[Round "2"]
[White "Champignac"]
[Black "Be"]
[Result "0-1"]
[WhiteElo "1952"]
[BlackElo "1999"]

1. c4 g6 2. Nc3 Bg7 3. f4 Nh6 4. e4 O-O 5. Nf3 c6 6. Be2 Bxc3 7. bxc3 Qb6 8. d4
Ng4 9. O-O c5 10. d5 Nf6 11. Ng5 d6 12. e5 Ne8 13. Bg4 Ng7 14. e6 f6 15. Nxh7
Kxh7 16. Qf3 f5 17. Qh3+ Kg8 18. Be2 Na6 19. Rf3 Nh5 20. g4 fxg4 21. Qxg4 Kg7
22. Bd3 Rf6 23. Rh3 Nb4 24. Rxh5 Nxd3 0-1

[Event "AUTO-ADV-3743"]
[Site "http://www.queenalice.com/game.php?id=1467271"]
[Date "2017.3.3"]
[Round "2"]
[White "Be"]
[Black "Champignac"]
[Result "0-1"]
[WhiteElo "2018"]
[BlackElo "1935"]

1. e4 d5 2. e5 d4 3. Qf3 e6 4. Nh3 c5 5. Bb5+ Nd7 6. Ng5 Qxg5 7. O-O Qxe5 8.
Bxd7+ Kxd7 9. Qxf7+ Ne7 10. Qf3 Nd5 11. Na3 Be7 12. Nc4 Qc7 13. Qf7 Rf8 14. Qxg7
Nf6 15. Re1 Rg8 16. Ne5+ Kd6 17. Qh6 b5 18. Qh3 Kd5 19. c4+ bxc4 20. Nxc4 e5 21.
Rxe5+ Qxe5 22. Nxe5 Bxh3 23. Nd3 Rxg2+ 24. Kh1 Bd6 25. b3 Rag8 26. Ba3 Rxh2# 0-1

[Event "AUTO-ADV-3743"]
[Site "http://www.queenalice.com/game.php?id=1467274"]
[Date "2017.3.3"]
[Round "2"]
[White "Be"]
[Black "maurice91"]
[Result "0-1"]
[WhiteElo "2047"]
[BlackElo "1732"]

1. e4 c6 2. d4 g6 3. Bc4 Bg7 4. Qf3 Nf6 5. e5 Nd5 6. Bxd5 cxd5 7. Qxd5 e6 8. Qc4
Nc6 9. Nf3 a6 10. O-O O-O 11. d5 Nxe5 12. Nxe5 Bxe5 13. c3 exd5 14. Qxd5 d6 15.
Bh6 Be6 16. Qxb7 Re8 17. Bc1 Bc4 18. Re1 Bxh2+ 19. Kxh2 Qh4+ 20. Kg1 Rxe1# 0-1

[Event "AUTO-ADV-3743"]
[Site "http://www.queenalice.com/game.php?id=1467275"]
[Date "2017.3.3"]
[Round "2"]
[White "maurice91"]
[Black "Be"]
[Result "1-0"]
[WhiteElo "1815"]
[BlackElo "2013"]

1. d4 d5 2. Nf3 Nc6 3. Bf4 f6 4. h3 g5 5. Bg3 Bf5 6. e3 Nb4 7. Na3 a6 8. c3 Nc6
9. Be2 h5 10. Nd2 h4 11. Bh2 Bg6 12. O-O e6 13. Nc2 Qd7 14. c4 Qh7 15. cxd5 Bxc2
16. Qc1 exd5 17. Bxc7 Qxc7 18. Qxc2 O-O-O 19. a3 Bd6 20. Rfc1 Bh2+ 21. Kh1 Nge7
22. Nf3 Bg3 23. fxg3 hxg3 24. b4 g4 25. Ng1 gxh3 26. Bg4+ f5 27. Bxh3 Qd6 28.
Nf3 Rxh3+ 29. gxh3 Qh6 30. Kg2 Rh8 31. Rh1 f4 32. e4 dxe4 33. Qxe4 Qf6 34. Rhd1
Nf5 35. h4 Ne3+ 36. Kg1 Nxd1 37. Rxd1 Kb8 38. d5 Qb2 39. Rd2 Qc1+ 40. Kg2 Rd8
41. Qxf4+ Ka8 42. dxc6 Rd3 43. cxb7+ Kxb7 44. Qf7+ Ka8 45. Rxd3 1-0